Geografía : territorio y ambientes en la américa contemporánea /

Guardado en:
Autor Principal: Fernández Caso, Victoria
Otros Autores: Gurevich, Raquel, Blanco, Jorge
Formato: Libro
Publicado: Buenos Aires : Aique, 1997
Materias:
Etiquetas: Agregar Etiqueta
Sin Etiquetas, Sea el primero en etiquetar este registro!
LEADER 01243nam a22002415a 4500
001 CEM.cems010850
005 20080312124807.0
008 130507s1997##################000#0#####d
003 CEMS
020 |a 9507014055 
082 0 4 |a SG918 
100 1 |a Fernández Caso, Victoria 
245 1 0 |a Geografía :  |b territorio y ambientes en la américa contemporánea /  |c Victoria Fernández Caso, Raquel Gurevich, Jorge Blanco 
260 |a Buenos Aires :  |b Aique,  |c 1997 
300 |a 255 p. 
505 0 |a El espacio americano: diversidad, contrastes y desigualdades -- Las condiciones naturales y los problemas ambientales en América -- La organización territorial americana a través del tiempo -- Dinámica demográfica, trabajo y calidad de vida en América -- Las actividades primarias y el espacio rural americano -- El espacio urbano y las actividades industriales en América -- Los sistemas de transporte -- Estado, sociedad y territorio en América Latina -- Atlas de América 
653 |a Geografía 
653 |a Geografía-américa 
653 |a Biblioteca maría de los angeles saggio 
653 |a América-atlas 
700 1 |a Gurevich, Raquel 
700 1 |a Blanco, Jorge 
859 |a CEMS  |b BIB. CEMS - 11 de abril  |h SG918  |i F391  |p 21535.01  |t Ej.1